MARC

LEADER 00000nam1a2200000 4500
001 272111
005 20231101234512.0
035 |a (RuTPU)RU\TPU\book\295316 
090 |a 272111 
100 |a 20141015d1986 km y0rusy5003 ca 
101 0 |a rus 
200 1 |a Основы релятивистской теории гравитации  |f А. А. Логинов, М. А. Мествиришвили  |g Московский государственный университет им. М. В. Ломоносова (МГУ) 
205 |a 2-е изд., перераб. и доп. 
210 |a Москва  |c Изд-во МГУ  |d 1986 
215 |a 306,[1] с.  |d 25 см 
320 |a Библиогр.: с. 300-305 (116 назв.) 
606 1 |a Всемирное тяготение  |x (механика)  |2 stltpush  |3 (RuTPU)RU\TPU\subj\3761  |9 32127 
610 1 |a физика 
610 1 |a релятивистская физика 
610 1 |a гравитация 
610 1 |a гравитационные поля 
610 1 |a теория относительности 
610 1 |a пространство-время 
610 1 |a энергия-импульс 
610 1 |a тензоры 
610 1 |a Солнечная система 
610 1 |a постньютоновские эксперименты 
700 1 |a Логунов  |b А. А.  |g Анатолий Алексеевич 
701 1 |a Мествиришвили  |b М. А.  |g Мириан Алексеевич 
712 0 2 |a Московский государственный университет им. М. В. Ломоносова (МГУ)  |2 stltpush  |3 (RuTPU)RU\TPU\col\7 
801 0 |a RU  |b RuMRKP  |c 19950417  |g psbo 
801 1 |a RU  |b 63413507  |c 20141015 
801 2 |a RU  |b 63413507  |c 20170314  |g RCR 
942 |c BK